Geography Mini-Minefields Quiz Stats

 Plays Quiz Updated Feb 13, 2019

Support Sporcle.
Go Orange.
Score 0/48 Timer 06:00
10 Plays Today
Hint Answer % Correct
Landlocked Countries???
58.2%
Landlocked Countries???
54.2%
Landlocked Countries???
52.7%
Landlocked Countries???
48.8%
Landlocked Countries???
45.6%
Seas in the Atlantic Ocean???
36.8%
NATO Countries???
33.2%
Seas in the Atlantic Ocean???
30.1%
Landlocked Countries???
29.5%
Landlocked Countries???
29.5%
Landlocked Countries???
29.5%
Seas in the Atlantic Ocean???
29.5%
Seas in the Atlantic Ocean???
29%
NATO Countries???
25.2%
South African Flag Colors???
24.4%
Seas in the Atlantic Ocean???
23.4%
South African Flag Colors???
23.2%
South African Flag Colors???
21.9%
US State Capitals???
21.6%
US State Capitals???
21.5%
US State Capitals???
21.2%
South African Flag Colors???
20.9%
US State Capitals???
19.7%
US State Capitals???
19.4%
Hint Answer % Correct
NATO Countries???
19%
South African Flag Colors???
17.5%
Countries Using the Euro???
14.8%
Seas in the Atlantic Ocean???
14.4%
Seas in the Atlantic Ocean???
14.5%
Seas in the Atlantic Ocean???
14.5%
Countries Using the Euro???
14.4%
US State Capitals???
14.3%
US State Capitals???
14.3%
US State Capitals???
14.3%
South African Flag Colors???
13.6%
South African Flag Colors???
13.6%
South African Flag Colors???
13.6%
NATO Countries???
12.2%
NATO Countries???
12.1%
Countries Using the Euro???
10.5%
Countries Using the Euro???
9.4%
Countries Using the Euro???
9%
NATO Countries???
8.9%
NATO Countries???
8.9%
NATO Countries???
8.9%
Countries Using the Euro???
6%
Countries Using the Euro???
6%
Countries Using the Euro???
6%

From the Vault

Countries of Africa on a Globe

by paradox28

If you don't mind the bird's eye view, this is a great way to visit every country in Africa.
Remove Ads.
Support Sporcle.
Get the best of Sporcle when you Go Orange. This ad-free experience offers more features, more stats, and more fun while also helping to support Sporcle. Thank you for becoming a member.

Show Comments

Extras

Top Quizzes Today


Score Distribution

Your Account Isn't Verified!

In order to create a playlist on Sporcle, you need to verify the email address you used during registration. Go to your Sporcle Settings to finish the process.

Report this User

Report this user for behavior that violates our Community Guidelines.

Details: